| 000 | 00569nam a2200205Ia 4500 | ||
|---|---|---|---|
| 003 | GCL | ||
| 008 | 140319s9999 xx 000 0 ara d | ||
| 040 |
_aGCL / _cGCL |
||
| 082 | 0 | 4 |
_a709.2 _bن م |
| 100 | 1 | _aنعيم عطية | |
| 245 | 1 | 0 |
_aمن رواد الفن الحديث / _cنعيم عطية |
| 700 | 1 | _aصلاح طاهر | |
| 300 | _a175 ص | ||
| 490 |
_aمذاهب وشخصيات _v0 |
||
| 650 | 0 | 4 | _aفان جوخ |
| 650 | 0 | 4 | _aالفنانون - تراجم |
| 650 | 0 | 4 | _aهنرى روسو |
| 650 | 0 | 4 | _aفرانشيسكو جويا |
| 942 |
_2ddc _cBK |
||
| 999 |
_c47603 _d47603 |
||